000 nam a22 a 4500
999 _c129
_d129
003 AKMAL
005 20170420102938.0
008 170420r19959999my d 00 may d
020 _a9676531634 (kkt.):
040 _aAKMAL
082 0 4 _a005.03 KAM
090 0 0 _a005.03
_bKAM
245 0 0 _aKamus komputer :
_bbahasa Inggeris-bahasa Melayu
260 _aShah Alam :
_bPenerbit Fajar Bakti ,
_c1995
300 0 0 _a698ms. :
_bil. ;
_c19cm
500 _aJudul asal: Dictionary of computing. 3rd ed. - London: Oxford University Press, [1983?]
650 0 _aComputers
_xDictionaries
_9314
942 _2ddc
_cBOOK